| 000 | 00533nam a2200181 a 4500 | ||
|---|---|---|---|
| 001 | 61065 | ||
| 005 | 20180714062546.0 | ||
| 008 | 140415s1992 000 0 eng d | ||
| 041 | _aeng | ||
| 082 |
_a574.501 _bHAI |
||
| 100 | 1 | _aHAILA, YRJ™ | |
| 245 | 1 | 0 |
_aHUMANITY AND NATURE : _bECOLOGY SCIENCE AND SOCIETY |
| 250 | _a1a ed. | ||
| 260 |
_a[s.l.] : _bPLUTO PRESS, _c1992 |
||
| 300 | _a270 | ||
| 650 | 1 | 4 |
_aPOLITICA AMBIENTAL _xECOLOGIA _xHOMBRE_INFLUENCIA SOBRE LA NATURALEZA |
| 700 | 1 |
_aLEVINS, RICHARD _ecoaut. |
|
| 999 |
_c61065 _d61065 |
||